1787 1804 1249 1088 1905 1648 1944 1869 1119 1436 1484 1322 1522 1765 1790 1804 1153 1053 1238 1746 1458 1236 1077 1708 1967 1531 1946 1294 1765 1700 1255 1130 1111 1812 1326 1493 1951 1186 1835 1225 1037 1252 1608 1450 1605 1927 1653 1269 1241 1114 1638 1351 1336 1617 1432 1972 1597 1452 1770 1577 1051 1235 1561 1469 1585 1369 1189 1811 1259 1696 1269 1160 1890 1070 1515 1034 1152 1270 1775 1516 1322 1582 1606 1037 1821 1557 1399 1955 1330 1949 1673 1411 1254 1538 1421 1389 1940 1255 1364 BCNSPRNW ULIB Ver.6.0+V

เปลี่ยนเป็นภาษาไทย

Change to English
 แสดงรายละเอียดบรรณานุกรม
  กลับหน้าหลัก

Brief Record : Get Marc (ISO 2709) : E-mail record : QR code < ปิดหน้าต่าง
LEADER : 00000nam 2200000uu 4500
001    13399127704
003     ULIB
008    210420s2563||||th 000 0 tha d
020    ^a9786165689977
060    ^aWY105^bม511ก
100    ^aมาลี คำคงและยุวนิดา อารามรมย์
245    ^aการศึกษาพยาบาลกับการปฏิบัติการพยาบาลเพื่อความปลอดภัย/ มาลี คำคงและยุวนิดา อารามรมย์
260    ^aสงขลา :^bเทมการพิมพ์,^c2563
300    ^a236 หน้า :^bตาราง, ภาคผนวก, ดัชนี ;^c22.8 ซม.
650    ^aการพยาบาล^xมาตราการความปลอดภัย
945    ^p250^l0^i008029
999    ^aประนอม เกษจรัล
รายการนี้ยังไม่มีแท็ก
คุณยังไม่ได้ล็อกอิน คุณสามารถมีกิจกรรมร่วมกับเว็บไซต์ได้ แต่ต้องล็อกอินก่อน ::
  ล็อกอิน

รายการสื่อสารสนเทศ

ลำดับที่ ประเภท เลขเรียก/บาร์โค้ด สถานที่ สถานะ
1. Book การพยาบาล
Book การพยาบาล
WY105 ม511ก ฉ.1 
  Barcode: 008029
ห้องสมุดวิทยาเขตสวรรค์ประชารักษ์
►หนังสือทั่วไป
บนชั้น

BibComment


ยังไม่เคยถูกคอมเมนท์

คอมเมนท์ทรัพยากรรายการนี้
  คอมเมนท์: การศึกษาพยาบาลกั..


 Copyright 2026. Bcnsprnw @Library